Estatísticas para Países que começam com B

Clique aqui para jogar o quiz

Estatísticas Gerais

  • Esse quiz foi jogado 28 202 vezes
  • A pontuação média é 11 de 18

Estatísticas das Respostas

País% Correto
Brasil
97%
Bélgica
79%
Bolívia
79%
Bósnia e Herzegovina
69%
Butão
67%
Bielorrússia
66%
Bulgária
64%
Bahamas
63%
Barbados
61%
Belize
61%
Botswana
61%
Brunei
58%
Bangladesh
56%
Bahrein
49%
Burundi
48%
Benim
46%
Birmânia
45%
Burkina Faso
43%

Distribuição das Pontuações

Percentil de Números Respondidos

Porcentagem de Pessoas com Cada Pontuação

Sua Pontuação Histórica

Você não jogou esse quiz